MARC

LEADER 00000nas a2200000 a 4500
001 ssj0012029
003 WaSeSS
005 20200512172242.0
006 m d
007 cr n
008 800915d19uu1989dcubr p s 0 a0eng c
010 |a sc 88034080  
019 |a 1052677850 
022 |l 1041-7311  |y 1041-7311 
035 |a (WaSeSS)ssj0012029 
037 |b International Franchise Association, 1350 New York Ave., N.W., Suite 900, Washington, DC 20005 
040 |a ILK  |b eng  |c ILK  |d GUA  |d DLC  |d NSD  |d NST  |d NSD  |d DLC  |d OCLCQ  |d PHA  |d OCLCQ  |d OCLCF  |d OCLCO  |d OCLCQ  |d WaSeSS 
042 |a pcc  |a nsdp 
043 |a n-us--- 
050 4 |a HF5429.23  |b .F73 
082 1 0 |a 658  |2 11 
210 0 |a Franch. world 
222 0 |a Franchising world 
245 0 0 |a Franchising world  |h [electronic resource]. 
260 |a [Washington, D.C.] :  |b [International Franchise Association] 
310 |a Bimonthly 
362 1 |a Ceased with vol. 21, no. 4 (July/Aug. 1989). 
506 |a License restrictions may limit access. 
588 |a Description based on: Vol. 19, no. 2 (Mar./Apr. 1987); title from cover. 
588 |a Latest issue consulted: Vol. 20, no. 4 (Aug. 1988). 
650 0 |a Franchises (Retail trade)  |v Periodicals. 
650 0 |a Franchises (Retail trade)  |z United States  |v Periodicals. 
650 7 |a Franchises (Retail trade)  |2 fast  |0 (OCoLC)fst00933627 
651 7 |a United States.  |2 fast  |0 (OCoLC)fst01204155 
655 0 |a Electronic journals. 
710 2 |a International Franchise Association. 
780 0 0 |a International Franchise Association.  |t Legal bulletin 
785 0 0 |t Franchising opportunities world  |w (OCoLC)20699458 
850 |a AU  |a DLC  |a GU  |a ICarbS  |a InLP 
856 4 0 |z Full text available from Research Library: 01/01/1992 to present  |u https://search.proquest.com/publication/30398